000 00456 a2200157 4500
999 _c136
_d136
008 210811b ||||| |||| 00| 0 eng d
020 _a9780073534879
082 0 0 _a518.0285
_bP171
100 _aPalm III, William J.
245 _aIntroduction MATLAB for engineers /
_cby William J. Palm III
250 _a3rd ed.
260 _aNew York:
_bMcGraw-Hill,
_c2005.
300 _axii, 564 p.
650 0 _aNumerical analysis-Data Processing
942 _2ddc
_cBK